000 00413nam a2200181Ia 4500
005 20240823010933.0
008 240823s9999||||xx |||||||||||||| ||und||
041 _aENGLISH
082 _A001 N9
100 _aSahshi jain
245 2 _aA to Z of General Knowledge
250 _a1st
260 _c1999
_b"Goodwill,New Delhi"
500 _aYES
650 _aGeneral
_bGeneral
942 _cBK
999 _c160075
_d160075